LEADER 00933nam a2200253 a 4500 001 000000135098 003 CaOOAMICUS 005 20130719114128.0 008 130719s1951 fr u000 u fre r 040 $aPUL$bita 100 1 $aWeil, Simone,$d1909-1943.$0(OLS)http://pul/name/732 245 13$aLa condition ouvrière /$cSimone Weil. 260 $a[Paris] :$bGallimard,$c©1951$g1964 300 $a372 p. ;$c18 cm 490 1 $aIdées ;$v52 650 4$aLavoro (sociologia).$0(OLS)http://pul/subject/11062 830 0$aIdées (Gallimard) ;$v52.$0(OLS)http://pul/title/166347 850 $aPUL 852 $aPUL$W1$xDP1 Fondo E. Rossi$y115$m1 W 12$j155479$qFondi$B155046$CPULBib$Z2$F155046 $82 941 1 $a1 961 $aSul dorso collocazione ms. di E. Rossi: W 8 996 $6245$aLa condition ouvrière$9(OLS)http://pul/title/170865 996 $6260$a[Paris] :$bGallimard$9(OLS)http://pul/publisher/69145 LEADER 01367nam a2200265 u 4500 001 000000109068 003 CaOOAMICUS 005 20080115123148.0 008 080115s1919 gw fh u000 u ger u 040 $aPUL$bita$dBc 100 1 $aDiplovatatius, Thomas,$d1468-1541.$0(OLS)http://pul/name/14787 245 10$aDe claris iuris consultis.$nEster band /$cThomas Diplovatatius ; hergs. von Hermann Kantorowicz und Fritz Schulz ; lebensges. einleitung von H. Kantorowicz. 260 $aBerlin ;$aLeipzig :$bW. De Gruyter,$c1919. 300 $axxiii, 384 p., [3] c. di tav. ripieg., facs. :$bill. ;$c26 cm. 490 1 $aRomanistische Beiträge zur Rechtsgeschichte ;$v3 650 4$aDiritto romano$xStoria.$0(OLS)http://pul/subject/1406 700 1 $aKantorowicz, Hermann,$d1877-1940.$0(OLS)http://pul/name/66787 700 1 $aSchulz, Fritz,$d1879-1957.$0(OLS)http://pul/name/4386 830 0$aRomanistische Beiträge zur Rechtsgeschichte ;$v3.$0(OLS)http://pul/title/58086 850 $aPUL 852 $aPUL$W1$xDP2 Diritto e Scienze Sociali 1$y65$m196 A 8$j124508$av. 1$qStampati$B123309$CPULBib$Z2$F123309 $82 941 1 $a8 961 $aTimbri: Bibliotheca Pia Pont. Seminarii Romani. 996 $6245$aDe claris iuris consultis.$nEster band$9(OLS)http://pul/title/137230 996 $6260$aBerlin ;$aLeipzig :$bW. De Gruyter$9(OLS)http://pul/publisher/65130